00337 a2200121 4500001000700000020000600007040001100013100002700024240007400051245006900125362000900194440001200203165174 a  cMagnum aBusquets, Maria Dolors10aTemas transversais em educacao: bases para uma formacao integrallpor10aTemas transversais em educacao: bases para uma formacao integral0 a1899 1aÁtica